Prof. G Ram Reddy Library

Solid state theory (Record no. 53512)

MARC details
000 -LEADER
fixed length control field 00511nam a2200193Ia 4500
003 - CONTROL NUMBER IDENTIFIER
control field LDD
008 - FIXED-LENGTH DATA ELEMENTS--GENERAL INFORMATION
fixed length control field 181029s9999 xx 000 0 und d
020 ## - INTERNATIONAL STANDARD BOOK NUMBER
International Standard Book Number 486639487
Terms of availability US
-- 4.95
040 ## - CATALOGING SOURCE
Transcribing agency LDD
100 ## - MAIN ENTRY--PERSONAL NAME
Personal name HARRISON, Walter A.
245 #0 - TITLE STATEMENT
Title Solid state theory
Statement of responsibility, etc. Walter A. HARRISON
260 ## - PUBLICATION, DISTRIBUTION, ETC.
Place of publication, distribution, etc. New York
Name of publisher, distributor, etc. Dover
Date of publication, distribution, etc. 1979
300 ## - PHYSICAL DESCRIPTION
Extent xviii,554
365 ## - TRADE PRICE
Price amount US
-- 4.95
901 ## - LOCAL DATA ELEMENT A, LDA (RLIN)
a 534
b 24-10-1996
902 ## - LOCAL DATA ELEMENT B, LDB (RLIN)
a 37380
b 08-11-1996
c F
d HBA
e 53
903 ## - LOCAL DATA ELEMENT C, LDC (RLIN)
a Discount-10
b Reqst by : S.R. Jha
942 ## - ADDED ENTRY ELEMENTS (KOHA)
Source of classification or shelving scheme Dewey Decimal Classification
Koha item type Books
Holdings
Withdrawn status Lost status Source of classification or shelving scheme Damaged status Not for loan Home library Current library Total Checkouts Full call number Barcode Date last seen Date last checked out Cost, replacement price Price effective from Koha item type
No   Dewey Decimal Classification     Library and Documentation Division Library and Documentation Division 1 530.41 H248S 036834 11/07/2024 05/31/2024 538.20 11/01/2018 Books

© Prof. G Ram Reddy Centre Library, Indira Gandhi National Open University, Maidan Garhi, New Delhi, 110068
+91-011-29532797 | FAX+91-011-29533393 |